Statistics for History by Picture - T

Click here to take the quiz!

General Stats

  • This quiz has been taken 14,104 times
    (14,023 since last reset)
  • The average score is 13 of 18

Answer Stats

Answer % Correct
Titanic
100%
Mother Theresa
92%
Texas
90%
{Trojan} War
90%
Margaret Thatcher
89%
Trident
83%
Tipi
81%
Toga
76%
Tiananmen Square
72%
Tokyo
69%
Harry Truman
68%
Turin
62%
Tibet
61%
Leon Trotsky
51%
Trebuchet
50%
Turkic
47%
Tahiti
47%
Tenochtitlan
34%

Score Distribution

Percentile by Number Answered

Percent of People with Each Score

Your Score History

You have not taken this quiz since the last reset